[Event "SRB-chT Cup"]
[Site "Kragujevac"]
[Date "2017.04.30"]
[Round "3.10"]
[White "Rajkovic, Aleksandar"]
[Black "Kalcic, Krsta"]
[Result "1-0"]
[WhiteElo "2163"]
[BlackElo "2152"]
[PlyCount "71"]
[EventDate "2017.04.29"]
[EventType "team-swiss"]
[EventRounds "6"]
[EventCountry "SRB"]
[SourceTitle "EXT 2018"]
[Source "ChessBase"]
[SourceDate "2017.10.13"]
[SourceVersion "1"]
[SourceVersionDate "2017.10.13"]
[SourceQuality "1"]
[WhiteTeam "Pozarevac"]
[BlackTeam "Bor Bakar"]
[WhiteTeamCountry "SRB"]
[BlackTeamCountry "SRB"]

1. c4 Nf6 2. Nc3 c5 3. g3 d5 4. cxd5 Nxd5 5. Bg2 Nc7 6. Nf3 Nc6 7. 0-0 e5 8. d3 Be7 9. Be3 Bd7 10. Qd2 0-0 11. Rfc1 Rb8 12. Ne1 Nd4 13. Bxd4 cxd4 14. Nd5 Nxd5 15. Bxd5 Bg5 16. e3 dxe3 17. fxe3 Qb6 18. Ng2 Bh3 19. Re1 Rbd8 20. Bc4 Bxg2 21. Qxg2 Bxe3+ 22. Kh1 Bd4 23. Rf1 Rd7 24. Rab1 a5 25. b3 Kh8 26. Rf3 f5 27. Rbf1 g6 28. a4 Qc7 29. Re1 Rd6 30. Rff1 g5 31. Rc1 Qe7 32. g4 Be3 33. Rce1 Bf4 34. gxf5 Rh6 35. Rxf4 gxf4 36. Rg1 1-0

[Event "SRB-CupT Central"]
[Site "Serbia"]
[Date "2013.04.27"]
[Round "7.4"]
[White "Mrsevic, Miroslav"]
[Black "Kalcic, Krsta"]
[Result "0-1"]
[WhiteElo "2294"]
[BlackElo "2246"]
[PlyCount "48"]
[EventDate "2013.03.24"]
[EventType "team-tourn"]
[EventRounds "8"]
[EventCountry "SRB"]
[SourceTitle "EXT 2018"]
[Source "ChessBase"]
[SourceDate "2017.10.13"]
[SourceVersion "1"]
[SourceVersionDate "2017.10.13"]
[SourceQuality "1"]

1. g3 g6 2. Bg2 Bg7 3. f4 c5 4. Nf3 Nc6 5. d3 d6 6. e4 Nf6 7. Nc3 0-0 8. 0-0 Bg4 9. h3 Bxf3 10. Qxf3 Nd4 11. Qf2 Rb8 12. Nd1 Qc7 13. g4 b5 14. c3 Nc6 15. Qh4 Nd7 16. f5 Nde5 17. Nf2 b4 18. Bh6 bxc3 19. bxc3 Qa5 20. Bxg7 Kxg7 21. d4 cxd4 22. cxd4 Nxd4 23. Qxe7 Rfe8 24. Qxd6 Rbd8 0-1

[Event "SRB-chT2 East CS"]
[Site "Serbia"]
[Date "2011.09.11"]
[Round "1.2"]
[White "Popovic, Djordje D"]
[Black "Kalcic, Krsta"]
[Result "1-0"]
[WhiteElo "2261"]
[BlackElo "2238"]
[PlyCount "105"]
[EventDate "2011.09.11"]
[EventType "team"]
[EventRounds "11"]
[EventCountry "SRB"]
[SourceTitle "EXT 2015"]
[Source "ChessBase"]
[SourceDate "2014.11.20"]
[SourceVersion "1"]
[SourceVersionDate "2014.11.20"]
[SourceQuality "1"]

1. e4 c5 2. Nf3 Nc6 3. d4 cxd4 4. Nxd4 Nf6 5. Nc3 e5 6. Ndb5 d6 7. Bg5 a6 8. Na3 b5 9. Bxf6 gxf6 10. Nd5 Bg7 11. c3 f5 12. Bd3 Ne7 13. Nxe7 Qxe7 14. 0-0 Rb8 15. Nc2 d5 16. exd5 e4 17. Nb4 Rb6 18. Re1 Bd7 19. a4 Be5 20. g3 a5 21. Nc6 Bxc6 22. dxc6 exd3 23. axb5 0-0 24. Qxd3 Qc5 25. Rxa5 Bf6 26. Qe3 Rxc6 27. bxc6 Qxa5 28. Qh6 Bg7 29. Qd6 Qd8 30. Qc5 Qd2 31. Re3 Qxb2 32. Qxf5 Bxc3 33. c7 Qc1+ 34. Kg2 Bg7 35. Re7 Qc6+ 36. f3 Qc4 37. Qd7 Qa2+ 38. Kh3 Qc4 39. Re8 Qf1+ 40. Kh4 Bf6+ 41. Kg4 h5+ 42. Kf4 Qc1+ 43. Kf5 Qc2+ 44. Kxf6 Qg6+ 45. Ke7 Qg5+ 46. Kd6 Qf6+ 47. Kc5 Qc3+ 48. Kb6 Qb4+ 49. Ka7 Qa5+ 50. Kb7 Qb4+ 51. Kc8 Qa5 52. Rxf8+ Kxf8 53. Qd6+ 1-0

[Event "SRB-chT2 East"]
[Site "Golubac"]
[Date "2008.10.12"]
[Round "5.1"]
[White "Kalcic, Krsta"]
[Black "Bura, Goran"]
[Result "1/2-1/2"]
[WhiteElo "2178"]
[BlackElo "2152"]
[PlyCount "31"]
[EventDate "2008.09.14"]
[EventType "team"]
[EventRounds "11"]
[EventCountry "SRB"]
[SourceTitle "EXT 2012"]
[Source "ChessBase"]
[SourceDate "2011.11.24"]
[SourceVersion "1"]
[SourceVersionDate "2011.11.24"]
[SourceQuality "1"]

1. e4 c5 2. Nf3 d6 3. d4 cxd4 4. Nxd4 Nf6 5. Nc3 a6 6. f4 Qc7 7. a4 g6 8. Be2 Bg7 9. Be3 e5 10. Nb3 Nbd7 11. f5 gxf5 12. exf5 Qc6 13. Na5 Qxg2 14. Rg1 Qh3 15. Nc4 Bf8 16. Qd2 1/2-1/2